Страны из четырёх букв - Statistics

General Stats
  • This quiz has been taken 163 times
  • The average score is 7 of 11
Answer Stats
Часть света Страна % Correct
Южная Америка Чили
79%
Южная Америка Перу
76%
Азия Иран
68%
Азия Ирак
67%
Северная Америка Куба
67%
Африка Гана
60%
Африка Того
60%
Азия Оман
59%
Азия Лаос
56%
Африка Мали
54%
Азия Кипр
38%
No matching quizzes found
Score Distribution
Percent of People with Each Score
Percentile by Number Answered
Your Score History
You have not taken this quiz